用好心情創造好人生 : (Record no. 7672)

MARC details
000 -LEADER
fixed length control field 00899cam a2200301 i 4500
001 - CONTROL NUMBER
control field 2449970
003 - CONTROL NUMBER IDENTIFIER
control field YEEZEN
005 - DATE AND TIME OF LATEST TRANSACTION
control field 20250903134659.0
008 - FIXED-LENGTH DATA ELEMENTS--GENERAL INFORMATION
fixed length control field 240717s2024 ch g 000 0 chi d
020 ## - INTERNATIONAL STANDARD BOOK NUMBER
International Standard Book Number 9789863706854
Qualifying information (平裝) :
Terms of availability NT$350
040 ## - CATALOGING SOURCE
Original cataloging agency TCPL
Language of cataloging chi
Transcribing agency TCPL
Modifying agency TCPL
Description conventions ccr
041 1# - LANGUAGE CODE
Language code of text/sound track or separate title chi
Language code of original jpn
042 ## - AUTHENTICATION CODE
Authentication code nbic
084 ## - OTHER CLASSIFICATION NUMBER
Classification number 415.943
Number source ncsclt
090 ## - LOCALLY ASSIGNED LC-TYPE CALL NUMBER (OCLC); LOCAL CALL NUMBER (RLIN)
Classification number (OCLC) (R) ; Classification number, CALL (RLIN) (NR) 415.943
100 1# - MAIN ENTRY--PERSONAL NAME
Personal name 小林弘幸
240 10 - UNIFORM TITLE
Uniform title 上機嫌の習慣
Language of a work 中文
245 10 - TITLE STATEMENT
Title 用好心情創造好人生 :
Remainder of title 自律神經名醫親自傳授 /
Statement of responsibility, etc. 小林弘幸著 ; 甘為治譯
246 30 - VARYING FORM OF TITLE
Title proper/short title 自律神經名醫親自傳授
250 ## - EDITION STATEMENT
Edition statement 初版
260 ## - PUBLICATION, DISTRIBUTION, ETC.
Place of publication, distribution, etc. 新北市板橋區 :
Name of publisher, distributor, etc. 楓葉社文化,
Date of publication, distribution, etc. 2024.06
300 ## - PHYSICAL DESCRIPTION
Extent 183面 ;
Dimensions 19公分
500 ## - GENERAL NOTE
General note 譯自 : 上機嫌の習慣
650 #7 - SUBJECT ADDED ENTRY--TOPICAL TERM
Source of heading or term lcstt
Topical term or geographic name entry element 自主神經系統疾病
650 #7 - SUBJECT ADDED ENTRY--TOPICAL TERM
Source of heading or term lcstt
Topical term or geographic name entry element 健康法
700 1# - ADDED ENTRY--PERSONAL NAME
Personal name 甘為治
942 ## - ADDED ENTRY ELEMENTS (KOHA)
Source of classification or shelving scheme 中文圖書分類法
Koha item type 一般圖書
Holdings
撤銷狀態 遺失狀態 分類號來源 損壞狀態 不外借 永久館藏地 現在館藏地 書架位置 採購日期 全部借出 全部續借 完整索書號 條碼號 最後一次日期記錄 Date last checked out 一般價格有效日期 Koha館藏類型 公開資訊
未註銷館藏 未遺失 中文圖書分類法 未損毀 可外借 怡仁綜合醫院圖書館 怡仁綜合醫院圖書館   2025-09-03 4 1 415.943 C03258 2025-12-12 2025-11-14 2025-09-03 一般圖書 何謂「突如其來的低潮」? 就是指自己也不知道為什麼, 明明沒有遇到什麼特別大的困難, 可就是提不起勁,做什麼都不快樂, 甚至可能開始討厭自己…….
怡仁醫院| 地址:32643桃園市楊梅區楊新北路321巷30號 | 服務專線:03-4855566 | 電子郵件信箱:
Copyright © 1996 CHC Hospital